| 000 | 00806nam a2200205 a 4500 | ||
|---|---|---|---|
| 001 | BRCA_1916 | ||
| 005 | 20190320203613.0 | ||
| 008 | 090608s2006----it-a---###---#000-0#spa-# | ||
| 020 | _a9782757200322 | ||
| 050 | 4 |
_aN6550 _b.H66 2006 |
|
| 100 | 1 |
_aHomps-Brousse, Hélène _95911 |
|
| 245 | 1 | 0 |
_a1000 [i.e. Mil] pequeñas obras maestras de México _bla colección del Museo de la Vallée de Barcelonnette _cHélène Homps-Brousse, Pascal Mongne. |
| 260 |
_aItalia _bSomogy éditions d´art, Musée de la Vallée _c2006 |
||
| 300 |
_a207 p. _bil. a color _c29 cm. |
||
| 504 | _aBibliografía : p. 205-207 | ||
| 610 | 2 | 4 |
_aMuseo del Valle de Barcelonnette (Francia) _xColecciones de arte _95912 |
| 650 | 1 | 4 |
_aMuseos _xColecciones de arte mexicano _zEuropa _95913 |
| 700 | 1 |
_aMongne, Pascal _95914 |
|
| 942 |
_2lcc _cB |
||
| 999 |
_c1688 _d1688 |
||